Linia B Szczecin - Statystyki

Ogólne statystyki
  • Ten quiz został rozwiązany 77 razy
  • Średni wynik to 13 z 18
Statystyki odpowiedzi
Odpowiedź % Poprawnych
Plac Rodła
93%
Wyszyńskiego
93%
Brama Portowa
92%
Osiedle Bukowe
90%
Basen Górniczy
85%
Osiedle Arkońskie
80%
Kołłątaja
77%
Osiedle Słoneczne
77%
Rayskiego
77%
Kolorowych Domów
68%
Rondo Ułanów Podolskich
68%
Wiosenna
68%
Chopina
57%
Łubinowa
57%
Niemcewicza
57%
Sanktuarium
57%
Hangarowa NŻ
53%
Krasińskiego Wiadukt
48%
Nie znaleziono quizów pasujących do podanych kryteriów
Rozkład punktacji
Procent ludzi z każdym wynikiem
Percentyl według liczby udzielonych odpowiedzi
Twoja historia wyników
Nie rozwiązałeś tego quizu